| 000 | 01012pam a2200289 a 4500 | ||
|---|---|---|---|
| 999 |
_c9200 _d9200 |
||
| 003 | BD-JhCC | ||
| 005 | 20180310200119.0 | ||
| 008 | 850522s1986 caua b 000 0 eng | ||
| 020 | _a0803925123 | ||
| 035 | _a(BD-JhCC) | ||
| 040 |
_aDLC _cDLC _dDLC _dBD-JhCC |
||
| 041 | _aeng | ||
| 050 | 0 | 0 |
_aJS1248.2 _b.S72 1986 |
| 082 | 0 | 0 |
_a352.0794/66 _219 _bSTA 1986 |
| 100 | 1 | _aStarling, Jay D. | |
| 245 | 1 | 0 |
_aMunicipal coping strategies : _b"as soon as the dust settles" / _cJay D. Starling. |
| 260 |
_aBeverly Hills, Calif. : _bSage Publications, _cc1986. |
||
| 300 |
_a295 p. : _bill. ; _c23 cm. |
||
| 440 | 0 |
_aManaging information ; _vv. 7 |
|
| 504 | _aBibliography: p. 291-294. | ||
| 651 | 0 |
_aOakland (Calif.) _xPolitics and government. |
|
| 710 | 2 | _aOakland Project. | |
| 856 | 4 | 2 |
_3Publisher description _uhttp://www.loc.gov/catdir/enhancements/fy0654/85011867-d.html |
| 856 | 4 | 1 |
_3Table of contents only _uhttp://www.loc.gov/catdir/enhancements/fy0654/85011867-t.html |
| 942 |
_2ddc _cBK |
||